[Event "AUTO-OPEN-103"]
[Site "http://www.queenalice.com/game.php?id=18688"]
[Date "2005.7.8"]
[Round "1"]
[White "Morbid"]
[Black "naujnaitsirhc"]
[Result "1-0"]
[WhiteElo "1403"]
[BlackElo "1066"]

1. e4 c5 2. Bc4 Nc6 3. Qh5 e6 4. f4 Nf6 5. Qe2 Nd4 6. Qd3 d5 7. Bb5+ Bd7 8.
Bxd7+ Nxd7 9. exd5 exd5 10. Qe3+ Be7 11. c3 Nc2+ 12. Ke2 Nxe3 13. Kxe3 O-O 14.
g4 Re8 15. d3 Bh4+ 16. Kf3 Re1 17. Bd2 Rf1+ 18. Ke2 Rf2+ 19. Kd1 Qb6 20. b3 1-0

[Event "AUTO-INT-41"]
[Site "http://www.queenalice.com/game.php?id=28265"]
[Date "2005.9.12"]
[Round "1"]
[White "naujnaitsirhc"]
[Black "ManofBlack"]
[Result "0-1"]
[WhiteElo "1273"]
[BlackElo "1423"]

1. e4 e5 2. Nf3 Nc6 3. Bc4 Nb4 4. Nxe5 d5 5. exd5 Qd6 6. O-O Qxe5 7. Re1 Qe7 8.
Rxe7+ Bxe7 9. a3 Nxd5 10. Bxd5 c6 11. Bb3 Nf6 12. Nc3 Bg4 13. Qe1 Rd8 14. d3 h6
15. Qe5 b5 16. Be3 a5 17. Bc5 O-O 18. Qxe7 Rfe8 19. Bxf7+ Kh8 20. Bxe8 Rxe8 21.
Qd6 Re6 22. Qf8+ Kh7 23. Qf7 Re5 24. Bf8 Nh5 25. Ne4 Re6 26. f3 Rf6 27. Nxf6+
Nxf6 0-1

[Event "AUTO-INT-41"]
[Site "http://www.queenalice.com/game.php?id=28266"]
[Date "2005.9.12"]
[Round "1"]
[White "ManofBlack"]
[Black "naujnaitsirhc"]
[Result "1-0"]
[WhiteElo "1412"]
[BlackElo "1284"]

1. Nf3 d5 2. d4 Nf6 3. Bg5 Ne4 4. Be3 e6 5. Nc3 Nd6 6. Bg5 Be7 7. Qd2 f6 8. e4
dxe4 9. Nxe4 Nxe4 10. Qf4 Nxg5 11. Be2 Nxf3+ 12. Qxf3 Qxd4 13. O-O Kf7 14. c3
Qb6 15. b4 Bd7 16. a4 c6 17. Qg3 a5 18. Bh5+ g6 19. Qh4 gxh5 20. Qxh5+ Kg7 21.
Rab1 axb4 22. Rxb4 Qc5 23. g4 Qxh5 24. gxh5 Bxb4 25. cxb4 Rxa4 26. Rb1 1-0

[Event "AUTO-INT-41"]
[Site "http://www.queenalice.com/game.php?id=28267"]
[Date "2005.9.12"]
[Round "1"]
[White "naujnaitsirhc"]
[Black "jailsonjr"]
[Result "0-1"]
[WhiteElo "1287"]
[BlackElo "1600"]

1. e4 e5 2. Nf3 d6 3. Bc4 Bg4 4. O-O Bxf3 5. Qxf3 Qf6 6. Qb3 b6 7. c3 g6 8. Na3
Nc6 9. Bb5 Ne7 10. Bxc6+ Nxc6 11. Qd5 Kd7 12. Nc4 Qe6 13. Qd3 Be7 14. Ne3 Rhf8
15. Nd5 f5 16. Nxe7 Kxe7 17. Qh3 h5 18. Qh4+ Qf6 19. Qxf6+ Rxf6 20. d3 Kf7 21.
Bg5 Re6 22. Rad1 f4 23. f3 Rh8 24. d4 Na5 25. b3 h4 26. dxe5 Rxe5 27. Bxf4 Rc5
28. b4 Rxc3 29. bxa5 Ra3 30. axb6 axb6 31. Rd2 Kf6 32. Re2 g5 0-1

[Event "AUTO-INT-41"]
[Site "http://www.queenalice.com/game.php?id=28268"]
[Date "2005.9.12"]
[Round "1"]
[White "jailsonjr"]
[Black "naujnaitsirhc"]
[Result "0-1"]
[WhiteElo "1570"]
[BlackElo "1316"]

1. e4 c5 2. Nf3 Nc6 3. Bb5 Nd4 4. Nxd4 cxd4 5. O-O Qb6 6. Bc4 e6 7. d3 Ne7 8.
Nd2 e5 9. Nf3 f6 10. Rb1 h5 11. Bd2 Qc7 12. Bb4 d6 13. a3 a5 14. Bd2 Bd7 15. h3
b5 16. Ba2 h4 17. b4 axb4 18. Bxb4 g5 19. Bb3 g4 20. hxg4 Bxg4 21. Rc1 Bh6 22.
Rb1 Bf4 23. Ra1 Kd7 24. a4 bxa4 25. Bxa4+ Rxa4 26. Rxa4 Nc6 27. Bd2 h3 28. gxh3
Rxh3 29. Qc1 Bxf3 30. Bxf4 Rh1# 0-1

[Event "AUTO-INT-41"]
[Site "http://www.queenalice.com/game.php?id=28269"]
[Date "2005.9.12"]
[Round "1"]
[White "naujnaitsirhc"]
[Black "jaychess"]
[Result "1-0"]
[WhiteElo "1251"]
[BlackElo "1386"]

1. e4 e5 2. Nf3 Nc6 3. Bc4 Qf6 4. O-O Bc5 5. Nc3 Nd4 6. Nxd4 Bxd4 7. Nd5 Qd6 8.
c3 Bb6 9. d4 c6 10. dxe5 Qxe5 11. Bf4 Qxe4 12. Re1 Qxe1+ 13. Qxe1+ 1-0

[Event "AUTO-INT-41"]
[Site "http://www.queenalice.com/game.php?id=28270"]
[Date "2005.9.12"]
[Round "1"]
[White "jaychess"]
[Black "naujnaitsirhc"]
[Result "0-1"]
[WhiteElo "1351"]
[BlackElo "1287"]

1. e4 c5 2. Qf3 Nc6 3. Bc4 Ne5 4. Qd3 Nxd3+ 5. Bxd3 d5 6. exd5 Qxd5 7. Nc3 Qxg2
8. Be4 Qg4 9. Bf3 Qd7 10. Nge2 Nf6 11. Rg1 e5 12. h4 Be7 13. Rxg7 Rg8 14. Rxg8+
Nxg8 15. Ne4 Nf6 16. Nxf6+ Bxf6 17. h5 Qb5 18. Nc3 Qc4 19. Be4 Bh3 20. Bxb7 Qf1#
0-1

[Event "AUTO-ADV-99"]
[Site "http://www.queenalice.com/game.php?id=36206"]
[Date "2005.11.3"]
[Round "1"]
[White "naujnaitsirhc"]
[Black "jagvg"]
[Result "0-1"]
[WhiteElo "1289"]
[BlackElo "1719"]

1. e4 c5 2. Nf3 Nc6 3. d4 cxd4 4. Nxd4 e6 5. Nc3 Nf6 6. Be3 Nxd4 7. Qxd4 d5 8.
O-O-O Bd7 9. exd5 exd5 10. Nxd5 Be7 0-1

[Event "AUTO-ADV-99"]
[Site "http://www.queenalice.com/game.php?id=36208"]
[Date "2005.11.3"]
[Round "1"]
[White "naujnaitsirhc"]
[Black "SGrillo"]
[Result "0-1"]
[WhiteElo "1354"]
[BlackElo "1563"]

1. e4 e5 2. Nf3 d6 3. Bc4 h6 4. Nc3 Nf6 5. O-O Qe7 6. Re1 Be6 7. Nd5 Nxd5 8.
Bxd5 Bxd5 9. exd5 Nd7 10. d4 f6 11. Qd3 Nb6 0-1

[Event "AUTO-ADV-99"]
[Site "http://www.queenalice.com/game.php?id=36209"]
[Date "2005.11.3"]
[Round "1"]
[White "SGrillo"]
[Black "naujnaitsirhc"]
[Result "1-0"]
[WhiteElo "1571"]
[BlackElo "1344"]

1. e4 c5 2. c3 Nf6 3. e5 Nd5 4. d4 e6 5. Bc4 Nb6 6. Bb3 d5 7. Nf3 Nc6 8. Ba4 Be7
9. O-O O-O 10. Bxc6 bxc6 11. Be3 1-0

[Event "AUTO-INT-54"]
[Site "http://www.queenalice.com/game.php?id=37243"]
[Date "2005.11.9"]
[Round "1"]
[White "naujnaitsirhc"]
[Black "Doctor"]
[Result "1-0"]
[WhiteElo "1263"]
[BlackElo "1182"]

1. e4 e6 2. d4 d5 3. Nc3 Bb4 4. Bd3 h6 5. Ne2 a6 6. O-O Ne7 7. Be3 b6 8. f4 Bb7
9. exd5 Nxd5 10. Nxd5 Bxd5 11. c3 Be7 12. c4 Bc6 13. d5 exd5 14. cxd5 Qxd5 15.
Rf2 O-O 16. Nc3 Qe6 17. Re2 Qd6 18. Qc2 Kh8 19. Be4 Qf6 20. Nd5 Bxd5 21. Bxd5
Ra7 22. Rd1 c5 23. Bb3 Rd8 24. Rxd8+ Bxd8 25. Bxc5 bxc5 26. Re8# 1-0

[Event "AUTO-INT-54"]
[Site "http://www.queenalice.com/game.php?id=37244"]
[Date "2005.11.9"]
[Round "1"]
[White "Doctor"]
[Black "naujnaitsirhc"]
[Result "0-1"]
[WhiteElo "1165"]
[BlackElo "1276"]

1. e4 c5 2. Nf3 Nc6 3. Bb5 Nd4 4. Nxd4 cxd4 5. O-O Qb6 6. Bc4 g6 7. d3 Bg7 8.
Bb3 e6 9. Nd2 Qc5 10. Nf3 Ne7 11. Bd2 b5 12. Rc1 Bb7 13. c3 Qb6 14. Bg5 Nc6 15.
Re1 O-O 16. Bf4 Na5 17. Be5 dxc3 18. Bxc3 Nxb3 19. Qxb3 f6 20. Bd4 Qd8 21. Qxb5
Bc6 22. Qc5 Rf7 23. b3 Bf8 24. Qc3 a5 25. a4 Bb4 26. Qc4 Bxe1 27. Nxe1 f5 28. e5
Qg5 29. g3 Bd5 30. Qc3 f4 0-1

[Event "Phillipines x Brasil"]
[Site "http://www.queenalice.com/game.php?id=44574"]
[Date "2005.12.21"]
[Round "-"]
[White "naujnaitsirhc"]
[Black "franckscarduelli"]
[Result "1-0"]
[WhiteElo "1288"]
[BlackElo "1429"]

1. e4 e6 2. d4 Nf6 3. Bd3 c5 4. Ne2 Nc6 5. c3 Qa5 6. O-O b6 7. Nd2 Ba6 8. Nb3
Qa4 9. Bc2 Bxe2 10. Qxe2 c4 11. Nc5 Qb5 12. a4 Qa5 13. Qxc4 bxc5 14. Bf4 d6 15.
e5 d5 16. Qe2 Nd7 17. dxc5 Bxc5 18. b4 Bxb4 19. cxb4 Nxb4 20. Bd2 Rc8 21. Bb3
Qb6 22. Rab1 Qc5 23. Rfc1 d4 24. Rxc5 Rxc5 25. Bxb4 Rxe5 26. Qa6 Kd8 27. Rc1 Nb6
28. Qxa7 Nc8 29. Qb8 Kd7 30. Qxe5 f6 31. Qxd4+ Nd6 32. Qxd6+ 1-0

[Event "Challenge"]
[Site "http://www.queenalice.com/game.php?id=47617"]
[Date "2006.1.12"]
[Round "-"]
[White "DenisDiaz"]
[Black "naujnaitsirhc"]
[Result "1-0"]
[WhiteElo "1701"]
[BlackElo "1310"]

1. e4 c5 2. Nc3 Nc6 3. Nf3 g6 4. b3 Bg7 5. Bb2 e6 6. Rb1 Nge7 7. Be2 Nd4 8. Nxd4
cxd4 9. Nb5 d5 10. d3 Qa5+ 11. Qd2 Qxb5 12. a4 Qc6 13. exd5 Nxd5 14. O-O O-O 15.
h4 e5 16. h5 Bf5 17. Bf3 Qd7 18. h6 Bh8 19. Ba3 Rfc8 20. Rfe1 Nc3 21. Ra1 Bg4
22. Bxg4 Qxg4 23. Bd6 e4 24. Bb4 Nd5 25. Rxe4 Qh4 26. Rxh4 1-0

[Event "Philippines x Brasil"]
[Site "http://www.queenalice.com/game.php?id=48679"]
[Date "2006.1.20"]
[Round "-"]
[White "naujnaitsirhc"]
[Black "franckscarduelli"]
[Result "0-1"]
[WhiteElo "1308"]
[BlackElo "1482"]

1. d4 d5 2. c4 c6 3. Nc3 e6 4. Nf3 Nf6 5. e3 Bb4 6. Bd2 Qa5 7. a3 Be7 8. Nxd5
Qd8 9. Nf4 O-O 10. Bd3 h6 11. e4 g5 12. Ne2 Qb6 13. b4 Rd8 14. c5 Qc7 15. Ne5 b6
16. Ng3 Rxd4 17. Bc3 Qxe5 18. Bxd4 Qxd4 19. O-O e5 20. Qc2 bxc5 21. Ne2 Qd7 22.
Rad1 Bd6 23. Bc4 Qg4 24. Rxd6 Kg7 25. bxc5 Nxe4 26. f3 Qh5 27. Qxe4 f6 0-1